Guess The All-Time Leader - Statistics

General Stats
  • This quiz has been taken 21 times
  • The average score is 73 of 150
Answer Stats
Category Answer % Correct
1206 | 6817 DeAndre Jordan
100%
2306 | 5012 | 5836 | 29277 Michael Jordan
100%
1944 | 33643 Kobe Bryant
91%
1260 | 5481 | 20868 LeBron James
91%
9839 Dell Curry
82%
2088 | 3740 | 13382 | 26511 Hakeem Olajuwon
82%
10141 Magic Johnson
82%
17783 Wilt Chamberlain
82%
10893 | 30260 Dirk Nowitzki
73%
2107 | 7384 | 18207 Gary Payton
73%
26395 John Havlicek
73%
3265 | 15806 John Stockton
73%
2694 | 7161 | 14211 Kareem Abdul-Jabbar
73%
14601 | 36374 Karl Malone
73%
1061 | 2758 | 10759 | 23665 Patrick Ewing
73%
1505 | 4141 | 25279 Reggie Miller
73%
3020 | 15091 | 26496 Tim Duncan
73%
21620 Bill Russell
64%
6945 Bob Cousy
64%
1010 | 4023 | 4228 Chris Paul
64%
3853 | 8690 David West
64%
1344 | 6072 | 11435 Dwight Howard
64%
1861 | 9061 | 18822 Isiah Thomas
64%
950 | 4620 Jason Kidd
64%
1245 Jermaine O'Neal
64%
1293 Julius Erving
64%
1315 | 1590 | 4216 | +2 others Kevin Garnett
64%
7731 | 22009 Oscar Robertson
64%
6997 Steve Nash
64%
6634 Tony Parker
64%
793 Anthony Davis
55%
1388 David Robinson
55%
1414 | 4944 | 20221 Dwyane Wade
55%
1558 | 15551 Elvin Hayes
55%
971 Marc Gasol
55%
1583 Paul Pierce
55%
15666 Walter Davis
55%
13769 Wes Unseld
55%
684 | 1625 Alonzo Mourning
45%
1486 Ben Wallace
45%
972 | 10444 Brook Lopez
45%
1795 | 18040 Clyde Drexler
45%
11456 DeMar DeRozan
45%
11463 Elgin Baylor
45%
870 | 4610 John Wall
45%
3064 Mark Eaton
45%
768 Mychal Thompson
45%
1269 | 5904 Zydrunas Ilgauskas
45%
3679 | 6630 | 21645 Alex English
36%
9430 Bill Laimbeer
36%
600 | 4776 Chris Bosh
36%
1360 Chris Mullin
36%
1486 Dikembe Mutumbo
36%
23292 Dominique Wilkens
36%
21586 Hal Greer
36%
1055 | 4011 | 10050 Mike Conley
36%
1072 | 12735 Randy Smith
36%
4791 Walt Frazier
36%
7576 Buck Williams
27%
1551 | 5111 Derek Harper
27%
1942 | 6212 Maurice Cheeks
27%
1067 | 5557 Muggsy Bogues
27%
1004 Nick Anderson
27%
1703 Robert Parish
27%
1250 Shawn Bradley
27%
12849 Bob Pettit
18%
11256 Dolph Schayes
18%
7729 Jack Sikma
18%
3501 Jameer Nelson
18%
940 Larry Nance
18%
1289 | 6937 Alvan Adams
9%
1029 Artis Gilmore
9%
3866 Doc Rivers
9%
1321 Mookie Blaylock
9%
12771 Nate Thurmond
9%
3272 Paul Pressey
9%
1300 Serge Ibaka
9%
2283 Tree Rollins
9%
5701 Udonis Haslem
9%
5612 Zach Randolph
9%
1140 Adonal Foyle
0%
804 Alton Lister
0%
4402 Calvin Murphy
0%
664 Doug Christie
0%
3516 Emeka Okafor
0%
1167 Fat Lever
0%
4855 Guy Rodgers
0%
3770 Jose Calderon
0%
5434 LaMarcus Aldridge
0%
7643 Mel Daniels
0%
1042 Quinn Buckner
0%
950 | 1098 | 9353 Sam Lacey
0%
5319 Terry Porter
0%
No matching quizzes found
Score Distribution
Percent of People with Each Score
Percentile by Number Answered
Your Score History
You have not taken this quiz